Thực hành ngữ pháp Tiếng Việt
Đề cập đến cấu tạo từ, từ loại, cụm từ, câu
Đã lưu trong:
| Tác giả chính: | |
|---|---|
| Định dạng: | Sách |
| Năm xuất bản: |
H
Giáo dục
1993
|
| Chủ đề: | |
| Tags: |
Thêm thẻ
Không có thẻ, Hãy là người đầu tiên gắn thẻ bản ghi này!
|
| LEADER | 00613nam a2200169 4500 | ||
|---|---|---|---|
| 082 | |a 495.9225 |b D307Q | ||
| 100 | |a Diệp Quang Ban | ||
| 245 | |a Thực hành ngữ pháp Tiếng Việt |c Diệp Quang Ban | ||
| 260 | |a H |b Giáo dục |c 1993 | ||
| 300 | |a 330tr |c 19cm. | ||
| 520 | |a Đề cập đến cấu tạo từ, từ loại, cụm từ, câu | ||
| 653 | |a Ngôn ngữ | ||
| 653 | |a Tiếng Việt | ||
| 653 | |a Ngữ pháp | ||
| 942 | |2 ddc |c SH | ||
| 999 | |c 10524 |d 10524 | ||
| 952 | |0 0 |1 0 |2 ddc |4 0 |6 495_922500000000000_D307Q |7 0 |8 400 |9 82660 |a qbu |b qbu |c D2 |d 2015-08-11 |g 8500 |o 495.9225 D307Q |p 10311.c1 |r 0000-00-00 |w 2015-08-11 |y SH | ||